|
|
|
|
| LEADER |
00000nam0a2200000 4500 |
| 001 |
166933 |
| 005 |
20231031162622.0 |
| 010 |
|
|
|a 5852501700
|
| 020 |
|
|
|a RU
|b 90-7139и
|
| 035 |
|
|
|a (RuTPU)RU\TPU\book\181067
|
| 090 |
|
|
|a 166933
|
| 100 |
|
|
|a 20091009d1990 m a0rusy5003 ca
|
| 101 |
0 |
|
|a rus
|
| 102 |
|
|
|a RU
|
| 105 |
|
|
|a a z 000zy
|
| 200 |
1 |
|
|a М. В. Фрунзе
|e фотоальбом
|f сост. М. А. Жохов
|
| 210 |
|
|
|a Москва
|c Планета
|d 1990
|
| 215 |
|
|
|a 189 с.
|c в основном ил.
|d 29 см
|
| 225 |
1 |
|
|a Человек. События. Время
|
| 600 |
|
1 |
|a Фрунзе
|g Михаил Васильевич
|b М. В.
|c российский политический и военный деятель
|f 1885-1925
|2 stltpush
|3 (RuTPU)RU\TPU\pers\1133
|
| 610 |
1 |
|
|a Советская Армия
|
| 610 |
1 |
|
|a история
|
| 610 |
1 |
|
|a фотоальбомы
|
| 686 |
|
|
|a Т3(2)712-8
|2 rubbk
|
| 686 |
|
|
|a Ф61(2)8
|2 rubbk
|
| 702 |
|
1 |
|a Красильщиков
|b В. И.
|g Владимир Ильич
|4 220
|
| 801 |
|
0 |
|a RU
|b RuMRKP
|c 19950417
|g psbo
|
| 801 |
|
1 |
|a RU
|b 63413507
|c 20091009
|
| 801 |
|
2 |
|a RU
|b 63413507
|c 20130524
|g RCR
|
| 942 |
|
|
|c BK
|